Catálogo
Digital

Catálogo
Digital

Riesgos físicos I : Ruido, vibraciones y presiones anormales (Record no. 13988)

MARC details
000 -CABECERA
campo de control de longitud fija 01468nam a2200313 4500
003 - IDENTIFICADOR DEL NÚMERO DE CONTROL
campo de control EC-UNACH
005 - FECHA Y HORA DE LA ÚLTIMA TRANSACCIÓN
campo de control 20251007122829.0
006 - CÓDIGOS DE INFORMACIÓN DE LONGITUD FIJA--CARACTERÍSTICAS DEL MATERIAL ADICIONAL
campo de control de longitud fija s||||gr|||| 00| 00
008 - DATOS DE LONGITUD FIJA--INFORMACIÓN GENERAL
campo de control de longitud fija 150116t9999 mx r gr 000 0 spa d
020 ## - NÚMERO INTERNACIONAL ESTÁNDAR DEL LIBRO
Número Internacional Estándar del Libro 978-958-648-482-4
040 ## - FUENTE DE LA CATALOGACIÓN
Centro catalogador/agencia de origen EC-UNACH
Centro/agencia transcriptor EC-UNACH
041 ## - CÓDIGO DE LENGUA
Código de lengua del texto/banda sonora o título independiente spa
082 04 - NÚMERO DE LA CLASIFICACIÓN DECIMAL DEWEY
Número de edición 23
Número de clasificación 620.86
Número de documento/Ítem L011520
110 ## - ENTRADA PRINCIPAL--NOMBRE DE ENTIDAD CORPORATIVA
Nombre de entidad corporativa o nombre de jurisdicción como elemento de entrada Eco Ediciones
245 ## - MENCIÓN DE TÍTULO
Título Riesgos físicos I : Ruido, vibraciones y presiones anormales
250 ## - MENCIÓN DE EDICIÓN
Mención de edición Segunda edición
264 ## - Producción, publicación, distribución, fabricación y copyright
Lugar de producción, publicación, distribución, fabricación Bogotá
Nombre del de productor, editor, distribuidor, fabricante Eco Ediciones
Fecha de de producción, publicación, distribución, fabricación o copyright 2007
300 ## - DESCRIPCIÓN FÍSICA
Extensión 183 páginas
Otras características físicas Cuadros
505 ## - NOTA DE CONTENIDO CON FORMATO
Nota de contenido con formato Capítulo 1. Ruido -- Introducción -- producción y transmisión del sonido -- ondas vibraciones de los recorridos de las ondas -- reflexión -- Capítulo 2. Vibraciones -- Introducción definiciones básicas vibraciones periódicas desplazamiento velocidad aceleración -- Capítulo 3. Presiones anormales -- introducción -- condiciones normales -- efectos de la presión atmosférica reducida -- presiones de oxígeno alveolar a diferentes alturas -- el efecto de la enfermedad de las alturas -- algunos efectos físicos de la hipoxia -- aclimatación baja -- Bibliografía.
650 ## - PUNTO DE ACCESO ADICIONAL DE MATERIA--TÉRMINO DE MATERIA
Término de materia o nombre geográfico como elemento inicial LEYES DE REFLEXIÓN
650 ## - PUNTO DE ACCESO ADICIONAL DE MATERIA--TÉRMINO DE MATERIA
Término de materia o nombre geográfico como elemento inicial VELOCIDAD DEL SONIDO
650 ## - PUNTO DE ACCESO ADICIONAL DE MATERIA--TÉRMINO DE MATERIA
Término de materia o nombre geográfico como elemento inicial EXPOSICIÓN A VIBRACIONES
700 ## - PUNTO DE ACCESO ADICIONAL--NOMBRE DE PERSONA
Nombre de persona Hernao Robledo, Fernando
942 ## - ELEMENTOS DE PUNTO DE ACCESO ADICIONAL (KOHA)
Fuente del sistema de clasificación o colocación Clasificación Decimal Dewey
Tipo de ítem Koha Libros
999 ## - NÚMEROS DE CONTROL DE SISTEMA (KOHA)
Koha biblionumber 13988
Holdings
Estado de pérdida Fuente del sistema de clasificación o colocación Estado dañado No para préstamo Localización permanente Ubicación/localización actual Ubicación en estantería Fecha de adquisición Fuente de adquisición Número de inventario Total de préstamos Signatura topográfica completa Código de barras Fecha visto por última vez Número de copia Precio válido a partir de Tipo de ítem Koha Centro de costos
  Clasificación Decimal Dewey     Biblioteca Campus Norte Biblioteca Campus Norte Administración de Empresas 07/10/2025 Disposición Transitoria SEGUNDA. Resolución No. 0311-CU-UNACH-SE-ORD-16-09-2024 39933312   620.86 HEN L011520 L011520 07/10/2025 Ej: 01 07/10/2025 Libros  
  Clasificación Decimal Dewey     Biblioteca Campus Norte Biblioteca Campus Norte Facultad de Ingeniería - Generalidades 07/10/2025 Disposición Transitoria SEGUNDA. Resolución No. 0311-CU-UNACH-SE-ORD-16-09-2024 39933311   620.86 HEN L011521 L011521 07/10/2025 Ej: 02 07/10/2025 Libros  

Powered by Koha